000 00735nam a2200241Ia 4500
003 OSt
005 20220925225834.0
006 a|||||r|||| 00| 0
007 ta
008 220923b |||||||| |||| 00| 0 eng d
020 _a0422793205
037 _cGeneral Book
040 _aRTL
_cRTL
_beng
041 _2eng
_aeng
082 _aY15.245D.N8, M6
100 _aSHARMA Ursula
_919102
245 0 _aWomen's work, class, and the urban household
_b A study of Shimla,North India.
260 _aLondon
_bTavistock Publication
_c1986
300 _avi,213p. Bibliography: p 199-203
_ccm.
650 _aWoman Sociologyy
942 _hY15.245D.N8, M6
_cGB
_2CC
999 _c584269
_d584269